[Event "FIDE FEMENINO B"]
[Site "?"]
[Date "2021.09.29"]
[Round "5.5"]
[White "Paehtz, Elisabeth"]
[Black "Muzychuk, Anna"]
[Result "1/2-1/2"]
[BlackElo "2537"]
[WhiteElo "2371"]
[LiveChessVersion "1.4.8"]

1. e4 {[%clk 0:45:19]} e5 {[%clk 0:45:16]} 2. Nf3 {[%clk 0:45:27]} Nc6
{[%clk 0:45:17]} 3. Bb5 {[%clk 0:45:36]} a6 {[%clk 0:45:23]} 4. Ba4
{[%clk 0:45:44]} Nf6 {[%clk 0:45:29]} 5. O-O {[%clk 0:45:47]} Nxe4
{[%clk 0:45:32]} 6. d4 {[%clk 0:45:50]} b5 {[%clk 0:45:37]} 7. Bb3
{[%clk 0:45:58]} d5 {[%clk 0:45:45]} 8. dxe5 {[%clk 0:46:05]} Be6
{[%clk 0:45:50]} 9. Be3 {[%clk 0:46:12]} Be7 {[%clk 0:45:03]} 10. c3
{[%clk 0:46:15]} Qd7 {[%clk 0:44:48]} 11. Nbd2 {[%clk 0:46:18]} Rd8
{[%clk 0:44:45]} 12. Nxe4 {[%clk 0:44:34]} dxe4 {[%clk 0:44:49]} 13. Qxd7+
{[%clk 0:44:40]} Bxd7 {[%clk 0:38:38]} 14. Ng5 {[%clk 0:39:22]} Nxe5
{[%clk 0:38:23]} 15. Nxe4 {[%clk 0:39:31]} Nd3 {[%clk 0:36:38]} 16. Rab1
{[%clk 0:36:06]} O-O {[%clk 0:31:28]} 17. Bc2 {[%clk 0:34:32]} Bf5
{[%clk 0:27:46]} 18. Ng3 {[%clk 0:30:56]} Be6 {[%clk 0:27:43]} 19. Rfd1
{[%clk 0:30:01]} Ne5 {[%clk 0:25:51]} 20. Nf5 {[%clk 0:23:59]} Bxf5
{[%clk 0:21:15]} 21. Bxf5 {[%clk 0:24:03]} Nc4 {[%clk 0:21:17]} 22. Re1
{[%clk 0:23:10]} Nxe3 {[%clk 0:20:43]} 23. Rxe3 {[%clk 0:23:19]} Bc5
{[%clk 0:20:34]} 24. Re2 {[%clk 0:22:51]} g6 {[%clk 0:20:30]} 25. Bc2
{[%clk 0:22:55]} Rfe8 {[%clk 0:20:25]} 26. Rxe8+ {[%clk 0:22:54]} Rxe8
{[%clk 0:20:34]} 27. Kf1 {[%clk 0:23:01]} Rd8 {[%clk 0:20:17]} 28. Rd1
{[%clk 0:22:53]} Rxd1+ {[%clk 0:20:21]} 29. Bxd1 {[%clk 0:23:02]} Kf8
{[%clk 0:20:09]} 30. a4 {[%clk 0:23:09]} Ke7 {[%clk 0:20:10]} 31. axb5
{[%clk 0:23:17]} axb5 {[%clk 0:20:20]} 32. Be2 {[%clk 0:23:20]} b4
{[%clk 0:20:26]} 33. cxb4 {[%clk 0:23:28]} Bxb4 {[%clk 0:20:35]} 34. Bc4
{[%clk 0:23:37]} Bd6 {[%clk 0:20:24]} 35. g3 {[%clk 0:23:41]} h5 {[%clk 0:20:20]}
36. b3 {[%clk 0:23:47]} Bc5 {[%clk 0:20:20]} 37. Ke2 {[%clk 0:23:54]} Bd4
{[%clk 0:20:24]} 38. h4 {[%clk 0:23:59]} Bc5 {[%clk 0:20:32]} 39. Bd3
{[%clk 0:24:07]} Bb6 {[%clk 0:20:40]} 40. Bc4 {[%clk 0:24:16]} Bc5
{[%clk 0:20:49]} 41. Bd3 {[%clk 0:24:26]} Bb6 {[%clk 0:20:58]} 42. Bc4
{[%clk 0:24:35]} 1/2-1/2

[Event "FIDE FEMENINO B"]
[Site "?"]
[Date "2021.09.29"]
[Round "5.6"]
[White "Muzychuk, Mariya"]
[Black "Heinemann, Josefine"]
[Result "1-0"]
[BlackElo "2177"]
[WhiteElo "2496"]
[LiveChessVersion "1.4.8"]

1. d4 {[%clk 0:45:14]} Nf6 {[%clk 0:45:17]} 2. Bg5 {[%clk 0:45:16]} d5
{[%clk 0:45:16]} 3. Nf3 {[%clk 0:45:11]} c5 {[%clk 0:44:51]} 4. Bxf6
{[%clk 0:44:03]} gxf6 {[%clk 0:44:59]} 5. Nc3 {[%clk 0:43:34]} Nc6
{[%clk 0:44:01]} 6. e3 {[%clk 0:43:28]} e5 {[%clk 0:42:04]} 7. dxe5
{[%clk 0:40:41]} d4 {[%clk 0:42:05]} 8. exd4 {[%clk 0:40:28]} cxd4
{[%clk 0:42:11]} 9. Ne4 {[%clk 0:40:21]} fxe5 {[%clk 0:42:05]} 10. Bc4
{[%clk 0:40:19]} Bf5 {[%clk 0:40:01]} 11. Qe2 {[%clk 0:36:17]} Qa5+
{[%clk 0:38:35]} 12. c3 {[%clk 0:32:26]} Bxe4 {[%clk 0:33:21]} 13. Qxe4
{[%clk 0:32:33]} dxc3 {[%clk 0:33:22]} 14. O-O {[%clk 0:32:23]} O-O-O
{[%clk 0:31:45]} 15. bxc3 {[%clk 0:32:25]} Qc7 {[%clk 0:29:50]} 16. Ng5
{[%clk 0:31:11]} Rd7 {[%clk 0:25:44]} 17. Qf5 {[%clk 0:30:19]} Ne7
{[%clk 0:20:56]} 18. Qxf7 {[%clk 0:29:10]} Bh6 {[%clk 0:08:57]} 19. Be6
{[%clk 0:26:02]} Bxg5 {[%clk 0:07:26]} 20. Rad1 {[%clk 0:26:01]} Rhd8
{[%clk 0:06:32]} 21. Rxd7 {[%clk 0:25:20]} Rxd7 {[%clk 0:06:40]} 22. Rd1
{[%clk 0:23:59]} Qxc3 {[%clk 0:04:59]} 23. Qe8+ {[%clk 0:23:32]} 1-0

[Event "FIDE FEMENINO B"]
[Site "?"]
[Date "2021.09.29"]
[Round "5.7"]
[White "Schneider, Jana"]
[Black "Osmak, Iulija"]
[Result "0-1"]
[BlackElo "2302"]
[WhiteElo "2138"]
[LiveChessVersion "1.4.8"]

1. e4 {[%clk 0:45:16]} c6 {[%clk 0:45:18]} 2. d4 {[%clk 0:45:21]} d5
{[%clk 0:45:27]} 3. e5 {[%clk 0:45:23]} Bf5 {[%clk 0:45:35]} 4. h4
{[%clk 0:45:27]} h5 {[%clk 0:45:41]} 5. Bd3 {[%clk 0:45:33]} Bxd3
{[%clk 0:45:47]} 6. Qxd3 {[%clk 0:45:39]} Qa5+ {[%clk 0:45:52]} 7. Nd2
{[%clk 0:45:44]} e6 {[%clk 0:45:56]} 8. Ngf3 {[%clk 0:45:40]} Nh6
{[%clk 0:45:37]} 9. O-O {[%clk 0:45:29]} Nf5 {[%clk 0:45:42]} 10. c4
{[%clk 0:45:10]} Be7 {[%clk 0:45:42]} 11. g3 {[%clk 0:44:05]} O-O
{[%clk 0:44:40]} 12. Rd1 {[%clk 0:38:28]} Qa6 {[%clk 0:42:59]} 13. b3
{[%clk 0:37:07]} c5 {[%clk 0:36:18]} 14. Qc2 {[%clk 0:23:24]} Nc6
{[%clk 0:26:51]} 15. dxc5 {[%clk 0:20:02]} Nb4 {[%clk 0:26:53]} 16. Qb1
{[%clk 0:17:57]} dxc4 {[%clk 0:18:40]} 17. Nxc4 {[%clk 0:15:13]} Bxc5
{[%clk 0:18:37]} 18. Bf4 {[%clk 0:13:47]} Rad8 {[%clk 0:16:15]} 19. a4
{[%clk 0:09:57]} Qc6 {[%clk 0:14:14]} 20. Ng5 {[%clk 0:09:48]} Bd4
{[%clk 0:13:58]} 21. Ra3 {[%clk 0:09:00]} g6 {[%clk 0:11:29]} 22. Ne4
{[%clk 0:08:11]} Nd5 {[%clk 0:09:53]} 23. Bg5 {[%clk 0:08:10]} Rd7
{[%clk 0:09:50]} 24. Ra2 {[%clk 0:08:10]} Nc3 {[%clk 0:09:01]} 25. Nxc3
{[%clk 0:08:15]} Bxc3 {[%clk 0:09:09]} 26. Rc2 {[%clk 0:06:52]} Nd4
{[%clk 0:08:16]} 27. Nd6 {[%clk 0:05:13]} Nf3+ {[%clk 0:07:38]} 28. Kf1
{[%clk 0:05:16]} Nxe5 {[%clk 0:06:42]} 29. Qc1 {[%clk 0:03:54]} Qh1+
{[%clk 0:05:13]} 30. Ke2 {[%clk 0:04:03]} Qf3+ {[%clk 0:05:21]} 31. Kf1
{[%clk 0:04:12]} Bb4 {[%clk 0:05:18]} 32. Bf4 {[%clk 0:01:57]} Rxd6
{[%clk 0:04:41]} 33. Rxd6 {[%clk 0:01:53]} Qh1+ {[%clk 0:04:07]} 34. Ke2
{[%clk 0:02:01]} Qxc1 {[%clk 0:04:12]} 35. Rxc1 {[%clk 0:01:52]} Bxd6
{[%clk 0:04:21]} 36. Rd1 {[%clk 0:01:50]} Bb8 {[%clk 0:04:28]} 37. Rc1
{[%clk 0:00:51]} Nc6 {[%clk 0:04:13]} 0-1

[Event "FIDE FEMENINO B"]
[Site "?"]
[Date "2021.09.29"]
[Round "5.8"]
[White "Buksa, Nataliya"]
[Black "Klek, Hanna Marie"]
[Result "1-0"]
[BlackElo "2331"]
[WhiteElo "2184"]
[LiveChessVersion "1.4.8"]

1. e4 {[%clk 0:45:18]} e5 {[%clk 0:45:17]} 2. Nf3 {[%clk 0:45:24]} Nc6
{[%clk 0:45:26]} 3. Bb5 {[%clk 0:45:31]} a6 {[%clk 0:45:33]} 4. Ba4
{[%clk 0:45:40]} d6 5. c4 {[%clk 0:44:07]} Nf6 {[%clk 0:44:22]} 6. Nc3
{[%clk 0:44:15]} g6 {[%clk 0:44:23]} 7. d4 {[%clk 0:44:08]} Bd7 {[%clk 0:42:01]}
8. d5 {[%clk 0:39:31]} Nb8 {[%clk 0:42:06]} 9. Bxd7+ {[%clk 0:39:33]} Nbxd7
{[%clk 0:41:35]} 10. Be3 {[%clk 0:39:39]} Bg7 11. Nd2 {[%clk 0:39:28]} O-O
{[%clk 0:40:46]} 12. O-O {[%clk 0:39:29]} c6 {[%clk 0:40:14]} 13. b4 cxd5
{[%clk 0:37:36]} 14. cxd5 {[%clk 0:38:34]} Rc8 15. Rc1 {[%clk 0:37:35]} Nb6
{[%clk 0:36:55]} 16. f3 {[%clk 0:33:50]} Nh5 {[%clk 0:33:33]} 17. Ne2
{[%clk 0:27:20]} Rxc1 {[%clk 0:31:54]} 18. Qxc1 {[%clk 0:27:24]} f5
{[%clk 0:31:26]} 19. Qc2 {[%clk 0:26:53]} Nf6 {[%clk 0:29:45]} 20. h3
{[%clk 0:25:10]} Rf7 {[%clk 0:25:22]} 21. Rc1 {[%clk 0:25:01]} h5
{[%clk 0:24:28]} 22. a4 {[%clk 0:24:17]} Ne8 {[%clk 0:15:24]} 23. a5
{[%clk 0:22:00]} Rc7 {[%clk 0:14:47]} 24. Qxc7 {[%clk 0:11:05]} Nxc7
{[%clk 0:14:55]} 25. Bxb6 {[%clk 0:11:14]} Qh4 {[%clk 0:10:54]} 26. g3
{[%clk 0:07:17]} Qg5 {[%clk 0:09:02]} 27. f4 {[%clk 0:07:25]} exf4
{[%clk 0:09:09]} 28. Nf3 {[%clk 0:07:34]} Qf6 {[%clk 0:07:44]} 29. e5
{[%clk 0:04:46]} dxe5 {[%clk 0:07:28]} 30. Bxc7 {[%clk 0:04:54]} e4
{[%clk 0:05:21]} 31. d6 {[%clk 0:04:18]} Qf7 {[%clk 0:03:01]} 32. Ng5
{[%clk 0:03:52]} Qb3 {[%clk 0:02:42]} 33. d7 {[%clk 0:03:35]} Bf6
{[%clk 0:02:27]} 34. Bxf4 {[%clk 0:02:20]} Qd3 {[%clk 0:02:30]} 35. Rc8+
{[%clk 0:01:27]} Kg7 {[%clk 0:02:38]} 36. d8=Q {[%clk 0:01:01]} Bxd8
{[%clk 0:02:40]} 37. Rxd8 {[%clk 0:01:10]} Qxe2 {[%clk 0:01:16]} 38. Be5+
{[%clk 0:01:19]} Kh6 {[%clk 0:01:25]} 39. Nf7+ {[%clk 0:01:28]} Kh7
{[%clk 0:01:33]} 40. Rh8# 1-0

[Event "FIDE FEMENINO B"]
[Site "?"]
[Date "2021.09.29"]
[Round "5.10"]
[White "Lujan, Carolina"]
[Black "Batsiashvili, Nino"]
[Result "0-1"]
[BlackElo "2371"]
[WhiteElo "2375"]
[LiveChessVersion "1.4.8"]

1. e4 {[%clk 0:45:08]} e5 {[%clk 0:45:18]} 2. Nf3 {[%clk 0:45:12]} Nc6
{[%clk 0:45:25]} 3. Bc4 {[%clk 0:45:17]} Nf6 {[%clk 0:45:33]} 4. d3
{[%clk 0:45:22]} Bc5 5. O-O {[%clk 0:45:17]} a6 {[%clk 0:45:39]} 6. c3 d6
{[%clk 0:44:25]} 7. Bb3 {[%clk 0:45:04]} Ba7 {[%clk 0:44:06]} 8. Nbd2
{[%clk 0:43:18]} O-O {[%clk 0:43:20]} 9. h3 Ne7 10. Re1 {[%clk 0:42:43]} Ng6
{[%clk 0:43:25]} 11. Nf1 c6 {[%clk 0:38:17]} 12. Ng3 {[%clk 0:42:18]} d5 13. Bg5
{[%clk 0:28:38]} h6 {[%clk 0:38:30]} 14. Be3 Bb8 {[%clk 0:32:54]} 15. Qd2
{[%clk 0:25:38]} Re8 {[%clk 0:32:05]} 16. Bc2 Bd6 17. b4 {[%clk 0:17:13]} a5
{[%clk 0:30:03]} 18. a3 {[%clk 0:16:39]} Be6 {[%clk 0:24:08]} 19. bxa5
{[%clk 0:06:01]} c5 {[%clk 0:23:49]} 20. d4 {[%clk 0:06:04]} exd4 21. cxd4
{[%clk 0:06:13]} Bxg3 {[%clk 0:23:42]} 22. fxg3 {[%clk 0:05:01]} Nxe4
{[%clk 0:23:07]} 23. Qc1 c4 24. Ne5 {[%clk 0:02:42]} Nxe5 {[%clk 0:21:51]} 25.
dxe5 {[%clk 0:02:51]} Bf5 {[%clk 0:22:05]} 26. g4 {[%clk 0:02:26]} Bg6 27. Bxe4
{[%clk 0:01:26]} Bxe4 {[%clk 0:22:08]} 28. Bb6 {[%clk 0:01:25]} Qg5
{[%clk 0:21:08]} 29. Qb2 {[%clk 0:00:50]} Rxe5 {[%clk 0:19:39]} 30. Bc7
{[%clk 0:00:52]} Ree8 {[%clk 0:18:38]} 31. Qxb7 {[%clk 0:00:40]} Qd2
{[%clk 0:18:43]} 32. Rxe4 {[%clk 0:00:24]} dxe4 33. Rf1 Qd4+ {[%clk 0:17:05]} 34.
Kh2 {[%clk 0:00:28]} Qd7 {[%clk 0:16:43]} 35. Qb6 {[%clk 0:00:16]} e3
{[%clk 0:16:31]} 36. Bg3 e2 37. Re1 {[%clk 0:00:26]} c3 {[%clk 0:14:18]} 38. a6
c2 {[%clk 0:13:29]} 39. Qb7 {[%clk 0:00:26]} Qd2 0-1

[Event "FIDE FEMENINO B"]
[Site "?"]
[Date "2021.09.29"]
[Round "5.11"]
[White "Arabidze, Meri"]
[Black "Ouellet, Maili-Jade"]
[Result "1/2-1/2"]
[BlackElo "2113"]
[WhiteElo "2434"]
[LiveChessVersion "1.4.8"]

1. Nf3 {[%clk 0:45:17]} d5 {[%clk 0:45:13]} 2. g3 {[%clk 0:45:25]} Nf6
{[%clk 0:45:22]} 3. Bg2 {[%clk 0:45:33]} e6 {[%clk 0:45:30]} 4. O-O
{[%clk 0:45:38]} Be7 {[%clk 0:45:39]} 5. c4 {[%clk 0:45:36]} O-O {[%clk 0:45:53]}
6. b3 {[%clk 0:45:39]} c5 7. Bb2 {[%clk 0:45:33]} d4 {[%clk 0:46:01]} 8. e3
{[%clk 0:44:41]} Nc6 9. exd4 {[%clk 0:44:36]} cxd4 {[%clk 0:46:17]} 10. Re1
{[%clk 0:44:37]} Ne8 {[%clk 0:44:44]} 11. Ne5 Nxe5 {[%clk 0:44:41]} 12. Rxe5
{[%clk 0:44:26]} f6 13. Re1 {[%clk 0:44:26]} e5 {[%clk 0:44:37]} 14. Ba3
{[%clk 0:43:14]} Nd6 {[%clk 0:40:47]} 15. d3 {[%clk 0:40:33]} Rb8
{[%clk 0:38:40]} 16. Nd2 {[%clk 0:36:50]} Qc7 {[%clk 0:37:36]} 17. Qc1 Bf5
{[%clk 0:36:51]} 18. c5 {[%clk 0:33:00]} Nf7 {[%clk 0:34:30]} 19. Ne4 b6 20. cxb6
{[%clk 0:27:19]} Qxc1 {[%clk 0:34:06]} 21. Bxc1 {[%clk 0:22:43]} Rxb6
{[%clk 0:32:29]} 22. Bb2 Rc8 {[%clk 0:31:35]} 23. Rac1 {[%clk 0:20:09]} Rbb8
{[%clk 0:29:36]} 24. f4 {[%clk 0:17:57]} Bb4 25. Rf1 {[%clk 0:17:50]} Bxe4
{[%clk 0:29:02]} 26. Bxe4 Bd2 27. Rc4 {[%clk 0:14:57]} Be3+ {[%clk 0:28:44]} 28.
Kh1 exf4 {[%clk 0:20:01]} 29. gxf4 {[%clk 0:14:07]} Nd6 {[%clk 0:19:51]} 30. Bd5+
{[%clk 0:13:39]} Kh8 {[%clk 0:20:00]} 31. Rxc8+ {[%clk 0:12:00]} Rxc8
{[%clk 0:19:59]} 32. Bc4 {[%clk 0:12:02]} g6 33. Kg2 {[%clk 0:11:43]} Nf5
{[%clk 0:18:40]} 34. Kf3 {[%clk 0:10:58]} Re8 {[%clk 0:16:30]} 35. Re1 Nh4+
{[%clk 0:15:53]} 36. Kg4 {[%clk 0:07:17]} h5+ 37. Kh3 {[%clk 0:07:20]} Nf3
{[%clk 0:14:12]} 38. Rf1 g5 {[%clk 0:11:22]} 39. fxg5 {[%clk 0:05:56]} fxg5 40.
Kg3 {[%clk 0:05:25]} Ne5 {[%clk 0:09:22]} 41. Kg2 {[%clk 0:03:20]} Kg7
{[%clk 0:08:59]} 42. h3 {[%clk 0:03:24]} Kg6 {[%clk 0:07:13]} 43. Ba3
{[%clk 0:03:23]} Bf4 {[%clk 0:05:15]} 44. Bc5 Nxc4 {[%clk 0:04:48]} 45. bxc4
{[%clk 0:02:52]} Re3 {[%clk 0:04:26]} 46. Rf3 {[%clk 0:01:33]} Re2+ 47. Rf2
{[%clk 0:01:28]} Re3 {[%clk 0:03:22]} 48. Rf3 {[%clk 0:01:23]} Re2+
{[%clk 0:03:29]} 49. Rf2 {[%clk 0:01:20]} Re3 {[%clk 0:03:31]} 50. Rf3
{[%clk 0:01:26]} 1/2-1/2

[Event "FIDE FEMENINO B"]
[Site "?"]
[Date "2021.09.29"]
[Round "5.12"]
[White "Arribas Robaina, Maritza"]
[Black "Melia, Salome"]
[Result "1/2-1/2"]
[BlackElo "2271"]
[WhiteElo "2261"]
[LiveChessVersion "1.4.8"]

1. e4 {[%clk 0:45:17]} c5 {[%clk 0:45:12]} 2. Nf3 {[%clk 0:45:24]} Nc6
{[%clk 0:45:18]} 3. Bb5 {[%clk 0:45:32]} Nf6 {[%clk 0:45:13]} 4. e5
{[%clk 0:45:24]} Nd5 {[%clk 0:45:21]} 5. O-O {[%clk 0:45:26]} Nc7
{[%clk 0:45:28]} 6. Bc4 {[%clk 0:44:57]} e6 {[%clk 0:42:46]} 7. Nc3
{[%clk 0:45:01]} d5 {[%clk 0:42:01]} 8. exd6 {[%clk 0:44:45]} Bxd6
{[%clk 0:42:06]} 9. a3 {[%clk 0:43:20]} O-O {[%clk 0:41:58]} 10. d3
{[%clk 0:43:16]} b6 {[%clk 0:40:34]} 11. Bg5 {[%clk 0:42:55]} Be7
{[%clk 0:38:31]} 12. Bxe7 {[%clk 0:42:13]} Qxe7 {[%clk 0:38:37]} 13. Re1
{[%clk 0:42:04]} Bb7 {[%clk 0:38:19]} 14. Ne5 {[%clk 0:37:50]} Nd4
{[%clk 0:35:08]} 15. Ne4 {[%clk 0:37:22]} Nd5 {[%clk 0:29:39]} 16. c3
{[%clk 0:35:15]} Nf5 {[%clk 0:29:42]} 17. Qg4 {[%clk 0:34:29]} Rad8
{[%clk 0:28:27]} 18. Rad1 {[%clk 0:33:52]} Nf6 {[%clk 0:25:14]} 19. Qf4
{[%clk 0:31:21]} Nxe4 {[%clk 0:20:43]} 20. dxe4 {[%clk 0:31:15]} Nd6
{[%clk 0:20:40]} 21. Bd3 {[%clk 0:31:09]} f6 {[%clk 0:19:19]} 22. Nf3
{[%clk 0:29:26]} e5 {[%clk 0:19:19]} 23. Qe3 {[%clk 0:28:40]} Bc8
{[%clk 0:15:57]} 24. Nd2 {[%clk 0:27:00]} Be6 {[%clk 0:16:06]} 25. Qe2
{[%clk 0:26:26]} Qf7 {[%clk 0:16:02]} 26. Nf1 {[%clk 0:25:55]} Rd7
{[%clk 0:12:13]} 27. Ne3 {[%clk 0:25:00]} Rfd8 {[%clk 0:12:21]} 28. Bc2
{[%clk 0:19:17]} Nc4 {[%clk 0:10:45]} 29. Ba4 {[%clk 0:14:35]} Rxd1
{[%clk 0:08:15]} 30. Rxd1 {[%clk 0:14:42]} Rxd1+ {[%clk 0:07:57]} 31. Nxd1
{[%clk 0:14:24]} Nd6 {[%clk 0:02:54]} 32. Qd3 {[%clk 0:13:57]} Qc7
{[%clk 0:02:49]} 33. f3 {[%clk 0:12:57]} c4 {[%clk 0:02:41]} 34. Qd2
{[%clk 0:12:55]} b5 {[%clk 0:02:11]} 35. Bc2 {[%clk 0:13:00]} Nb7
{[%clk 0:02:02]} 36. Ne3 {[%clk 0:12:01]} Kf8 {[%clk 0:02:01]} 37. Kf2
{[%clk 0:12:05]} Nc5 {[%clk 0:02:02]} 38. Qd1 {[%clk 0:10:50]} a6
{[%clk 0:01:45]} 39. Qd2 {[%clk 0:10:37]} Ke8 {[%clk 0:01:26]} 40. Qd1
{[%clk 0:10:29]} Qd7 {[%clk 0:01:24]} 41. Ke2 {[%clk 0:08:37]} Qxd1+
{[%clk 0:01:23]} 42. Kxd1 {[%clk 0:08:37]} Kd7 {[%clk 0:01:26]} 43. Kd2
{[%clk 0:08:45]} Kd6 {[%clk 0:01:29]} 44. Bd1 {[%clk 0:08:41]} Kd7
{[%clk 0:01:21]} 45. Bc2 {[%clk 0:08:49]} Kd6 {[%clk 0:01:29]} 46. Bd1
{[%clk 0:08:57]} Kd7 {[%clk 0:01:18]} 47. Bc2 {[%clk 0:09:03]} Kd6
{[%clk 0:01:19]} 48. Bd1 {[%clk 0:09:03]} Kd7 {[%clk 0:01:14]} 49. Bc2
{[%clk 0:09:08]} 1/2-1/2

[Event "Mundial Fide Femenino"]
[Site "?"]
[Date "2021.09.30"]
[Round "6.3"]
[White "Lagno, Kateryna"]
[Black "Ouellet, Maili-Jade"]
[Result "1-0"]
[BlackElo "2113"]
[WhiteElo "2521"]
[LiveChessVersion "1.4.8"]

1. e4 {[%clk 0:45:18]} c5 {[%clk 0:45:19]} 2. Nf3 {[%clk 0:45:26]} d6
{[%clk 0:45:28]} 3. d4 {[%clk 0:45:34]} cxd4 {[%clk 0:45:36]} 4. Nxd4
{[%clk 0:45:42]} Nf6 {[%clk 0:45:44]} 5. Nc3 {[%clk 0:45:49]} a6 {[%clk 0:45:53]}
6. Be2 {[%clk 0:45:57]} e6 {[%clk 0:46:02]} 7. Be3 {[%clk 0:45:51]} Be7
{[%clk 0:46:07]} 8. Qd2 {[%clk 0:45:53]} Qc7 {[%clk 0:46:06]} 9. O-O-O
{[%clk 0:43:07]} Nbd7 {[%clk 0:45:37]} 10. g4 {[%clk 0:42:07]} Nc5
{[%clk 0:44:57]} 11. f3 {[%clk 0:41:24]} b5 {[%clk 0:43:55]} 12. g5
{[%clk 0:38:57]} Nfd7 {[%clk 0:43:02]} 13. a3 {[%clk 0:33:01]} Bb7
{[%clk 0:38:10]} 14. h4 {[%clk 0:32:44]} Ne5 {[%clk 0:37:05]} 15. h5
{[%clk 0:32:37]} Rc8 {[%clk 0:29:29]} 16. Kb1 {[%clk 0:32:21]} Ncd7
{[%clk 0:23:02]} 17. g6 {[%clk 0:30:07]} hxg6 {[%clk 0:20:57]} 18. hxg6
{[%clk 0:30:13]} Nxg6 {[%clk 0:20:29]} 19. Rxh8+ {[%clk 0:30:15]} Nxh8
{[%clk 0:20:37]} 20. f4 {[%clk 0:28:47]} Nf6 {[%clk 0:18:45]} 21. Bd3
{[%clk 0:25:32]} Ng6 {[%clk 0:16:54]} 22. e5 {[%clk 0:21:57]} dxe5
{[%clk 0:15:02]} 23. Nxe6 {[%clk 0:21:44]} fxe6 {[%clk 0:12:07]} 24. Bxg6+
{[%clk 0:21:49]} Kf8 {[%clk 0:12:16]} 25. Qh2 {[%clk 0:19:54]} Bd6
{[%clk 0:05:07]} 26. Qh8+ {[%clk 0:17:30]} Ng8 {[%clk 0:05:16]} 27. Bh7
{[%clk 0:16:52]} Qf7 {[%clk 0:02:30]} 28. Rxd6 {[%clk 0:16:08]} exf4
{[%clk 0:02:20]} 29. Rd7 {[%clk 0:11:13]} Qxd7 {[%clk 0:02:00]} 30. Qxg8+
{[%clk 0:11:21]} Ke7 {[%clk 0:02:09]} 31. Qxg7+ {[%clk 0:11:27]} Kd6
{[%clk 0:02:02]} 32. Bxf4+ {[%clk 0:11:27]} Kd5 {[%clk 0:00:57]} 1-0

[Event "Mundial Fide Femenino"]
[Site "?"]
[Date "2021.09.30"]
[Round "7.1"]
[White "Cori T., Deysi"]
[Black "Goryachkina, Aleksandra"]
[Result "0-1"]
[BlackElo "2520"]
[WhiteElo "2340"]
[LiveChessVersion "1.4.8"]

1. Nf3 {[%clk 0:45:18]} d5 {[%clk 0:45:16]} 2. g3 {[%clk 0:45:14]} g6
{[%clk 0:45:04]} 3. Bg2 {[%clk 0:44:56]} Bg7 {[%clk 0:45:05]} 4. O-O
{[%clk 0:43:43]} Nf6 {[%clk 0:44:56]} 5. c4 {[%clk 0:40:45]} c6 {[%clk 0:44:51]}
6. cxd5 {[%clk 0:39:43]} cxd5 {[%clk 0:44:47]} 7. Qa4+ {[%clk 0:39:51]} Bd7
{[%clk 0:38:54]} 8. Qb3 {[%clk 0:38:55]} Nc6 {[%clk 0:38:35]} 9. d3
{[%clk 0:38:44]} O-O {[%clk 0:38:11]} 10. Nc3 {[%clk 0:38:38]} d4
{[%clk 0:35:00]} 11. Ne4 {[%clk 0:38:46]} Nxe4 {[%clk 0:34:34]} 12. dxe4
{[%clk 0:38:55]} Qb6 {[%clk 0:32:59]} 13. Qa3 {[%clk 0:33:54]} Nb4
{[%clk 0:32:00]} 14. Rb1 {[%clk 0:29:28]} Be6 {[%clk 0:27:59]} 15. Bg5
{[%clk 0:27:23]} Rfe8 {[%clk 0:27:11]} 16. e5 {[%clk 0:17:20]} Bxa2
{[%clk 0:25:51]} 17. Rbd1 {[%clk 0:14:35]} Bd5 {[%clk 0:25:01]} 18. Nxd4
{[%clk 0:11:52]} Bxg2 {[%clk 0:24:55]} 19. Kxg2 {[%clk 0:12:00]} Bxe5
{[%clk 0:24:39]} 20. Nf3 {[%clk 0:12:06]} Bg7 {[%clk 0:23:59]} 21. h4
{[%clk 0:10:40]} Nc6 {[%clk 0:23:22]} 22. b3 {[%clk 0:09:52]} h6 {[%clk 0:22:52]}
23. Be3 {[%clk 0:09:56]} Qb5 {[%clk 0:22:57]} 24. h5 {[%clk 0:08:38]} g5
{[%clk 0:21:04]} 25. Rd2 {[%clk 0:07:35]} Rad8 {[%clk 0:19:58]} 26. Rc2
{[%clk 0:07:43]} g4 {[%clk 0:18:28]} 27. Nh4 {[%clk 0:07:05]} Qxh5
{[%clk 0:18:05]} 28. Qa4 {[%clk 0:06:36]} a6 {[%clk 0:16:17]} 29. Rh1
{[%clk 0:03:54]} Qd5+ {[%clk 0:14:50]} 30. Kh2 {[%clk 0:03:54]} Nd4
{[%clk 0:11:00]} 31. Rd2 {[%clk 0:01:47]} Qb5 {[%clk 0:10:06]} 32. Rhd1
{[%clk 0:01:28]} Qxa4 {[%clk 0:09:04]} 33. bxa4 {[%clk 0:01:37]} Nc6
{[%clk 0:08:59]} 34. Bb6 {[%clk 0:00:19]} Rxd2 {[%clk 0:08:53]} 35. Rxd2
{[%clk 0:00:29]} e6 {[%clk 0:08:56]} 36. Ng2 {[%clk 0:00:36]} Ne5
{[%clk 0:07:44]} 37. Ne3 {[%clk 0:00:17]} Rc8 {[%clk 0:07:46]} 38. a5
{[%clk 0:00:15]} f5 {[%clk 0:07:08]} 39. Kg2 {[%clk 0:00:15]} Kf7
{[%clk 0:07:00]} 40. Rd1 {[%clk 0:00:18]} Bf6 {[%clk 0:05:45]} 41. Rb1
{[%clk 0:00:23]} Nd7 {[%clk 0:04:50]} 42. Ba7 {[%clk 0:00:18]} Rc7
{[%clk 0:04:59]} 43. Rb4 {[%clk 0:00:13]} Be7 {[%clk 0:04:26]} 44. Rb2
{[%clk 0:00:14]} Bc5 {[%clk 0:03:55]} 45. Bxc5 {[%clk 0:00:12]} Nxc5
{[%clk 0:04:04]} 46. Nc4 {[%clk 0:00:18]} Ke7 {[%clk 0:03:56]} 47. Rb4 Ne4
{[%clk 0:03:46]} 48. Ne5 {[%clk 0:00:23]} Nd6 {[%clk 0:03:47]} 49. Nd3
{[%clk 0:00:24]} Rc4 {[%clk 0:03:34]} 50. Rb2 {[%clk 0:00:30]} Ra4
{[%clk 0:03:24]} 51. Rc2 {[%clk 0:00:29]} Rc4 {[%clk 0:02:59]} 52. Rb2
{[%clk 0:00:37]} Nb5 {[%clk 0:02:58]} 53. Ne5 {[%clk 0:00:39]} Rc7
{[%clk 0:02:50]} 54. Rd2 {[%clk 0:00:21]} Nc3 {[%clk 0:02:33]} 55. Ng6+
{[%clk 0:00:18]} Kf6 {[%clk 0:02:40]} 56. Nf4 {[%clk 0:00:26]} e5
{[%clk 0:02:06]} 57. Rd6+ {[%clk 0:00:33]} Kf7 {[%clk 0:01:34]} 58. Nd3
{[%clk 0:00:28]} Kg7 {[%clk 0:01:18]} 59. e3 {[%clk 0:00:18]} Ne4
{[%clk 0:01:01]} 60. Rb6 {[%clk 0:00:13]} Re7 {[%clk 0:01:01]} 61. Kf1
{[%clk 0:00:16]} h5 {[%clk 0:01:09]} 62. Ke2 {[%clk 0:00:23]} Nc3+
{[%clk 0:00:56]} 63. Ke1 {[%clk 0:00:28]} Rd7 {[%clk 0:00:54]} 64. Kd2
{[%clk 0:00:24]} Na4 {[%clk 0:00:39]} 0-1